[Event "ROU-chT 1st League 2019"]
[Site "Mamaia"]
[Date "2019.09.21"]
[Round "1.17"]
[White "Mateuta, Gabriel"]
[Black "Stoleriu, George"]
[Result "1-0"]
[WhiteElo "2514"]
[BlackElo "2351"]
[Annotator "ChessBase"]
[PlyCount "67"]
[EventDate "2019.09.21"]
[EventType "team-tourn"]
[EventCountry "ROU"]
[SourceTitle "playchess.com"]
[Source "ChessBase"]
[SourceQuality "1"]
[TimeControl "40/5400+30:1800+30"]

1. d4 {[%emt 0:00:00]} Nf6 {[%emt 0:00:00]} 2. Nf3 {[%emt 0:00:15]} e6 {[%emt 0:00:00]} 3. c4 {[%emt 0:01:43]} Bb4+ {[%emt 0:00:06]} 4. Nbd2 {[%emt 0:00:11]} O-O {[%emt 0:00:18]} 5. a3 {[%emt 0:00:30]} Be7 {[%emt 0:00:13]} 6. e3 {[%emt 0:03:06]} b6 {[%emt 0:00:17]} 7. Bd3 {[%emt 0:00:09]} Bb7 {[%emt 0:00:07]} 8. O-O {[%emt 0:00:17]} c5 {[%emt 0:00:22]} 9. Qc2 {[%emt 0:05:07]} Nc6 {[%emt 0:09:16]} 10. d5 {[%emt 0:04:44]} exd5 {[%emt 0:01:06]} 11. cxd5 {[%emt 0:00:18]} Nxd5 {[%emt 0:00:23]} 12. Bxh7+ {[%emt 0:00:18]} Kh8 {[%emt 0:00:05]} 13. Bd3 {[%emt 0:04:57]} Nc7 {[%emt 0:13:54]} 14. b3 {[%emt 0:13:34]} Bf6 {[%emt 0:04:34]} 15. Bb2 {[%emt 0:01:34]} d5 {[%emt 0:00:35]} 16. Rad1 {[%emt 0:05:15]} Re8 {[%emt 0:29:32]} 17. Rfe1 {[%emt 0:07:42]} a5 {[%emt 0:02:49]} 18. e4 {[%emt 0:12:05]} Bxb2 {[%emt 0:11:53]} 19. Qxb2 {[%emt 0:00:48]} d4 {[%emt 0:00:26]} 20. Nc4 {[%emt 0:09:46]} b5 {[%emt 0:10:33]} 21. Nb6 {[%emt 0:01:59]} Rb8 {[%emt 0:00:03]} 22. Qc1 {[%emt 0:04:35]} Qd6 {[%emt 0:01:49]} 23. Nd5 {[%emt 0:08:04]} Nxd5 {[%emt 0:02:17]} 24. exd5 {[%emt 0:00:04]} Qxd5 {[%emt 0:02:07]} 25. Qf4 {[%emt 0:01:16]} Qh5 {[%emt 0:06:09]} 26. Bxb5 {[%emt 0:00:36]} Ba8 {[%emt 0:01:08]} 27. Bc4 {[%emt 0:00:31]} Kg8 {[%emt 0:01:19]} 28. h4 {[%emt 0:04:48]} a4 {[%emt 0:00:51]} 29. Ng5 {[%emt 0:03:27]} Ne5 {[%emt 0:00:45]} 30. Rxe5 {[%emt 0:00:58]} Qxd1+ {[%emt 0:00:04]} 31. Kh2 {[%emt 0:00:04]} Rxe5 {[%emt 0:00:33]} 32. Bxf7+ {[%emt 0:02:09]} Kh8 {[%emt 0:00:13]} 33. Qxe5 {[%emt 0:00:06]} Rd8 {[%emt 0:01:49]} 34. Qf5 {[%emt 0:01:18]} 1-0

[Event "ROU-chT 1st League 2019"]
[Site "Mamaia"]
[Date "2019.09.21"]
[Round "1.18"]
[White "Petrisor, Adrian-Marian"]
[Black "Ognean, Mihnea-Ionut"]
[Result "1-0"]
[WhiteElo "2411"]
[BlackElo "2285"]
[Annotator "NA"]
[PlyCount "75"]
[EventDate "2019.09.21"]
[EventType "team-tourn"]
[EventCountry "ROU"]
[SourceTitle "playchess.com"]
[Source "ChessBase"]
[SourceQuality "1"]
[TimeControl "40/5400+30:1800+30"]

1. d4 {[%emt 0:00:00]} Nf6 {[%emt 0:00:00]} 2. c4 {[%emt 0:00:00]} e6 {[%emt 0:00:24]} 3. Nf3 {[%emt 0:00:44]} d5 {[%emt 0:00:46]} 4. Nc3 {[%emt 0:00:45]} Nbd7 {[%emt 0:00:56]} 5. cxd5 {[%emt 0:02:06]} exd5 {[%emt 0:00:05]} 6. Bf4 {[%emt 0:00:25]} c6 {[%emt 0:03:24]} 7. h3 {[%emt 0:02:33]} Qa5 {[%emt 0:12:20]} 8. Qc2 {[%emt 0:09:07]} Ne4 {[%emt 0:07:34]} 9. Nd2 {[%emt 0:02:30]} Ndf6 {[%emt 0:05:35]} 10. g4 {[%emt 0:08:25]} Bb4 {[%emt 0:15:14]} 11. Rc1 {[%emt 0:02:19]} c5 {[%emt 0:09:46]} 12. Nxd5 {[%emt 0:13:25]} Bxd2+ {[%emt 0:05:44]} 13. Bxd2 {[%emt 0:00:07]} Nxd2 {[%emt 0:00:03]} 14. Nxf6+ {[%emt 0:00:59]} gxf6 {[%emt 0:00:03]} 15. Qxd2 {[%emt 0:00:07]} Qxd2+ {[%emt 0:00:50]} 16. Kxd2 {[%emt 0:00:05]} cxd4 {[%emt 0:00:04]} 17. Bg2 {[%emt 0:01:53]} O-O {[%emt 0:18:22]} 18. Rc7 {[%emt 0:03:58]} Be6 {[%emt 0:01:54]} 19. Rxb7 {[%emt 0:09:01]} Rab8 {[%emt 0:09:48]} 20. b3 {[%emt 0:01:32]} Rxb7 {[%emt 0:01:03]} 21. Bxb7 {[%emt 0:00:06]} Rb8 {[%emt 0:00:06]} 22. Be4 {[%emt 0:00:53]} Rb5 {[%emt 0:02:49]} 23. Rc1 {[%emt 0:04:23]} h5 {[%emt 0:01:33]} 24. Kd3 {[%emt 0:03:31]} hxg4 {[%emt 0:00:46]} 25. hxg4 {[%emt 0:00:05]} Ra5 {[%emt 0:00:13]} 26. Rc2 {[%emt 0:01:23]} Bxg4 {[%emt 0:00:23]} 27. Kxd4 {[%emt 0:00:21]} Be6 {[%emt 0:00:05]} 28. f4 {[%emt 0:06:56]} Kf8 {[%emt 0:00:26]} 29. Kc3 {[%emt 0:04:17]} Rb5 {[%emt 0:01:34]} 30. Bd3 {[%emt 0:01:36]} Rb6 {[%emt 0:01:04]} 31. b4 {[%emt 0:07:27]} Rc6+ {[%emt 0:01:02]} 32. Kb2 {[%emt 0:00:06]} Rb6 {[%emt 0:00:04]} 33. Ka3 {[%emt 0:00:16]} Rb7 {[%emt 0:01:08]} 34. Ka4 {[%emt 0:06:51]} Ke7 {[%emt 0:00:40]} 35. Ka5 {[%emt 0:00:57]} Rd7 {[%emt 0:00:56]} 36. f5 {[%emt 0:01:35]} Bd5 {[%emt 0:00:11]} 37. Bb5 {[%emt 0:00:37]} Rb7 {[%emt 0:00:52]} 38. e4 {[%emt 0:00:17]} 1-0

[Event "ROU-chT 1st League 2019"]
[Site "Mamaia"]
[Date "2019.09.21"]
[Round "1.19"]
[White "Oltean, Dorel"]
[Black "Kozak, Adam"]
[Result "0-1"]
[WhiteElo "2333"]
[BlackElo "2512"]
[Annotator "ChessBase"]
[PlyCount "64"]
[EventDate "2019.09.21"]
[EventType "team-tourn"]
[EventCountry "ROU"]
[SourceTitle "playchess.com"]
[Source "ChessBase"]
[SourceQuality "1"]
[TimeControl "40/5400+30:1800+30"]

1. e4 {[%emt 0:00:00]} e5 {[%emt 0:00:00]} 2. Nf3 {[%emt 0:00:02]} Nc6 {[%emt 0:00:00]} 3. c3 {[%emt 0:00:27]} Nf6 {[%emt 0:01:34]} 4. d4 {[%emt 0:00:27]} exd4 {[%emt 0:00:07]} 5. e5 {[%emt 0:00:47]} Nd5 {[%emt 0:01:01]} 6. cxd4 {[%emt 0:01:01]} Bb4+ {[%emt 0:11:50]} 7. Nbd2 {[%emt 0:01:28]} O-O {[%emt 0:03:31]} 8. Bb5 {[%emt 0:02:32]} a6 {[%emt 0:02:42]} 9. Ba4 {[%emt 0:03:52]} Nb6 {[%emt 0:08:11]} 10. Bb3 {[%emt 0:02:03]} d6 {[%emt 0:01:24]} 11. O-O {[%emt 0:07:00]} Bg4 {[%emt 0:01:58]} 12. h3 {[%emt 0:09:53]} Bh5 {[%emt 0:02:53]} 13. g4 {[%emt 0:08:45]} Bg6 {[%emt 0:00:16]} 14. a3 {[%emt 0:02:20]} Ba5 {[%emt 0:06:13]} 15. Ba2 {[%emt 0:09:21]} Bxd2 {[%emt 0:09:03]} 16. Bxd2 {[%emt 0:03:49]} Qd7 {[%emt 0:02:08]} 17. Bc3 {[%emt 0:05:24]} Ne7 {[%emt 0:09:39]} 18. exd6 {[%emt 0:06:36]} cxd6 {[%emt 0:00:52]} 19. d5 {[%emt 0:04:03]} Na4 {[%emt 0:04:28]} 20. Bd4 {[%emt 0:00:56]} Nc5 {[%emt 0:05:09]} 21. Re1 {[%emt 0:05:18]} Nd3 {[%emt 0:10:48]} 22. Re3 {[%emt 0:09:29]} Nf4 {[%emt 0:00:09]} 23. Nh4 {[%emt 0:08:58]} Nexd5 {[%emt 0:00:13]} 24. Rg3 {[%emt 0:01:31]} Rfe8 {[%emt 0:12:24]} 25. Kh2 {[%emt 0:02:08]} Nc7 {[%emt 0:03:08]} 26. Bxg7 {[%emt 0:02:40]} Ne2 {[%emt 0:00:16]} 27. Bc3 {[%emt 0:00:53]} Nxg3 {[%emt 0:00:46]} 28. Qd4 {[%emt 0:00:38]} Re5 {[%emt 0:00:40]} 29. Kxg3 {[%emt 0:00:48]} Nb5 {[%emt 0:00:41]} 30. Qa4 {[%emt 0:00:11]} Re4 {[%emt 0:00:37]} 31. b4 {[%emt 0:00:43]} d5 {[%emt 0:01:22]} 32. Kg2 {[%emt 0:00:22]} Rxg4+ {[%emt 0:00:13]} 0-1

[Event "ROU-chT 1st League 2019"]
[Site "Mamaia"]
[Date "2019.09.21"]
[Round "1.20"]
[White "Gavrilescu, David"]
[Black "Florescu, Codrut-Constantin"]
[Result "1-0"]
[WhiteElo "2451"]
[BlackElo "2286"]
[Annotator "ChessBase"]
[PlyCount "113"]
[EventDate "2019.09.21"]
[EventType "team-tourn"]
[EventCountry "ROU"]
[SourceTitle "playchess.com"]
[Source "ChessBase"]
[SourceQuality "1"]
[TimeControl "40/5400+30:1800+30"]

1. e4 {[%emt 0:00:00]} d6 {[%emt 0:00:00]} 2. d4 {[%emt 0:00:07]} g6 {[%emt 0:00:00]} 3. Nf3 {[%emt 0:00:38]} Bg7 {[%emt 0:00:00]} 4. Bd3 {[%emt 0:00:24]} Nf6 {[%emt 0:00:05]} 5. O-O {[%emt 0:00:37]} O-O {[%emt 0:00:06]} 6. Re1 {[%emt 0:00:17]} Nc6 {[%emt 0:03:07]} 7. h3 {[%emt 0:00:32]} e5 {[%emt 0:01:40]} 8. c3 {[%emt 0:00:08]} Nh5 {[%emt 0:07:21]} 9. Bg5 {[%emt 0:03:08]} Qe8 {[%emt 0:04:32]} 10. Be3 {[%emt 0:03:37]} h6 {[%emt 0:04:32]} 11. Na3 {[%emt 0:03:38]} Bd7 {[%emt 0:05:31]} 12. Nc4 {[%emt 0:04:59]} Qe7 {[%emt 0:05:28]} 13. a4 {[%emt 0:14:06]} Rfd8 {[%emt 0:09:33]} 14. d5 {[%emt 0:06:01]} Nb8 {[%emt 0:00:41]} 15. b4 {[%emt 0:02:01]} Qf6 {[%emt 0:06:24]} 16. Na5 {[%emt 0:14:02]} Bc8 {[%emt 0:01:57]} 17. c4 {[%emt 0:06:22]} Nf4 {[%emt 0:00:36]} 18. Nh2 {[%emt 0:04:16]} Nd7 {[%emt 0:11:49]} 19. c5 {[%emt 0:02:59]} Nf8 {[%emt 0:00:15]} 20. cxd6 {[%emt 0:03:09]} cxd6 {[%emt 0:00:17]} 21. Rc1 {[%emt 0:00:12]} Qg5 {[%emt 0:04:56]} 22. Qf3 {[%emt 0:02:45]} Qf6 {[%emt 0:04:06]} 23. Bf1 {[%emt 0:03:57]} Nh7 {[%emt 0:05:08]} 24. h4 {[%emt 0:04:31]} g5 {[%emt 0:15:18]} 25. g3 {[%emt 0:01:55]} Qe7 {[%emt 0:01:46]} 26. Bd2 {[%emt 0:05:12]} Kh8 {[%emt 0:05:23]} 27. gxf4 {[%emt 0:03:46]} gxf4 {[%emt 0:00:12]} 28. Bh3 {[%emt 0:00:11]} Qxh4 {[%emt 0:00:38]} 29. Bxc8 {[%emt 0:00:43]} Raxc8 {[%emt 0:00:33]} 30. Qg4 {[%emt 0:00:08]} Qxg4+ {[%emt 0:00:28]} 31. Nxg4 {[%emt 0:00:02]} Ng5 {[%emt 0:00:22]} 32. Nh2 {[%emt 0:00:30]} Rxc1 {[%emt 0:00:14]} 33. Bxc1 {[%emt 0:00:53]} Rd7 {[%emt 0:00:03]} 34. Bd2 {[%emt 0:01:16]} Bf6 {[%emt 0:00:11]} 35. f3 {[%emt 0:02:43]} Bd8 {[%emt 0:00:18]} 36. Nc4 {[%emt 0:00:46]} Kg7 {[%emt 0:00:10]} 37. Kg2 {[%emt 0:00:48]} h5 {[%emt 0:00:07]} 38. b5 {[%emt 0:02:38]} f5 {[%emt 0:00:44]} 39. exf5 {[%emt 0:00:18]} Kf6 {[%emt 0:00:12]} 40. Bb4 {[%emt 0:00:00]} Bc7 {[%emt 0:00:00]} 41. Nf1 {[%emt 0:05:14]} Kxf5 {[%emt 0:01:08]} 42. Nfd2 {[%emt 0:04:01]} Rg7 {[%emt 0:00:19]} 43. Kh2 {[%emt 0:00:24]} Rg6 {[%emt 0:00:10]} 44. Rc1 {[%emt 0:02:15]} Bb6 {[%emt 0:02:02]} 45. Nxd6+ {[%emt 0:01:29]} Rxd6 {[%emt 0:00:13]} 46. Bxd6 {[%emt 0:00:11]} Be3 {[%emt 0:00:04]} 47. Re1 {[%emt 0:03:05]} Bxd2 {[%emt 0:00:12]} 48. Rxe5+ {[%emt 0:00:04]} Kf6 {[%emt 0:00:39]} 49. Kg2 {[%emt 0:03:35]} h4 {[%emt 0:00:08]} 50. Re8 {[%emt 0:00:10]} h3+ {[%emt 0:00:08]} 51. Kh2 {[%emt 0:00:09]} Nxf3+ {[%emt 0:01:30]} 52. Kxh3 {[%emt 0:00:23]} Kf5 {[%emt 0:00:07]} 53. Bc7 {[%emt 0:02:24]} Ng5+ {[%emt 0:01:40]} 54. Kg2 {[%emt 0:00:08]} Be3 {[%emt 0:01:06]} 55. Rf8+ {[%emt 0:03:29]} Kg4 {[%emt 0:11:01]} 56. d6 {[%emt 0:00:25]} f3+ {[%emt 0:00:18]} 57. Kf1 {[%emt 0:00:05]} 1-0

[Event "ROU-chT 1st League 2019"]
[Site "Mamaia"]
[Date "2019.09.21"]
[Round "1.21"]
[White "Oltean, Liviu-Ioan"]
[Black "Carmaciu, Lucian-Catalin"]
[Result "0-1"]
[WhiteElo "2313"]
[BlackElo "2375"]
[Annotator "NA"]
[PlyCount "68"]
[EventDate "2019.09.21"]
[EventType "team-tourn"]
[EventCountry "ROU"]
[SourceTitle "playchess.com"]
[Source "ChessBase"]
[SourceQuality "1"]
[TimeControl "40/5400+30:1800+30"]

1. e4 c5 2. Nf3 g6 3. d4 Bg7 4. d5 d6 5. c4 e5 6. Nc3 Ne7 7. Bd3 O-O 8. h3 h6 9. g4 a6 10. Bd2 f5 11. Rg1 fxg4 12. hxg4 g5 13. Qe2 Ng6 14. Nh2 Qf6 15. Be3 Nf4 16. Qd2 Bd7 17. O-O-O b5 18. Kb1 bxc4 19. Bxc4 Ra7 20. Nf1 Rb7 21. a3 Nh3 22. Rg2 Bb5 23. Nxb5 axb5 24. Be2 Nf4 25. Rh2 Nd7 26. Ng3 Ra8 27. Nf5 b4 28. axb4 Rxb4 29. Rdh1 Kh7 30. f3 Rab8 31. Bf1 Nb6 32. Rxh6+ Bxh6 33. Rxh6+ Qxh6 34. Nxh6 Na4 0-1

[Event "ROU-chT 1st League 2019"]
[Site "Mamaia"]
[Date "2019.09.21"]
[Round "1.22"]
[White "Pisu, Robert-Daniel"]
[Black "Talu, Mircea"]
[Result "0-1"]
[WhiteElo "2244"]
[BlackElo "2288"]
[Annotator "NA"]
[PlyCount "78"]
[EventDate "2019.09.21"]
[EventType "team-tourn"]
[EventCountry "ROU"]
[SourceTitle "playchess.com"]
[Source "ChessBase"]
[SourceQuality "1"]
[TimeControl "40/5400+30:1800+30"]

1. d4 {[%emt 0:00:00]} Nf6 {[%emt 0:00:20]} 2. c4 {[%emt 0:00:00]} e6 {[%emt 0:00:07]} 3. Nc3 {[%emt 0:00:00]} Bb4 {[%emt 0:00:33]} 4. Qc2 {[%emt 0:00:03]} d6 {[%emt 0:00:41]} 5. Bg5 {[%emt 0:01:27]} O-O {[%emt 0:01:32]} 6. e3 {[%emt 0:03:10]} b6 {[%emt 0:00:18]} 7. Bd3 {[%emt 0:01:18]} h6 {[%emt 0:00:20]} 8. Bh4 {[%emt 0:00:15]} Bb7 {[%emt 0:01:42]} 9. Nge2 {[%emt 0:05:43]} g5 {[%emt 0:00:23]} 10. Bg3 {[%emt 0:00:09]} Bxg2 {[%emt 0:00:06]} 11. Rg1 {[%emt 0:00:07]} Bf3 {[%emt 0:00:04]} 12. h4 {[%emt 0:08:52]} g4 {[%emt 0:08:09]} 13. a3 {[%emt 0:25:08]} Bxc3+ {[%emt 0:01:33]} 14. Nxc3 {[%emt 0:00:06]} Nbd7 {[%emt 0:28:58]} 15. Nb1 {[%emt 0:08:02]} Nh5 {[%emt 0:06:28]} 16. Nd2 {[%emt 0:06:14]} Nxg3 {[%emt 0:01:00]} 17. Nxf3 {[%emt 0:08:08]} gxf3 {[%emt 0:00:12]} 18. Be4 {[%emt 0:04:18]} Rc8 {[%emt 0:09:08]} 19. Bb7 {[%emt 0:07:33]} Rb8 {[%emt 0:00:06]} 20. Bxf3 {[%emt 0:00:06]} Kh8 {[%emt 0:05:13]} 21. Rxg3 {[%emt 0:01:06]} c5 {[%emt 0:00:26]} 22. O-O-O {[%emt 0:02:33]} cxd4 {[%emt 0:04:55]} 23. exd4 {[%emt 0:00:09]} Rc8 {[%emt 0:03:19]} 24. Kb1 {[%emt 0:00:54]} Qf6 {[%emt 0:01:20]} 25. Qd3 {[%emt 0:02:54]} Rg8 {[%emt 0:05:14]} 26. Rdg1 {[%emt 0:06:16]} Rxg3 {[%emt 0:01:00]} 27. fxg3 {[%emt 0:00:46]} Rg8 {[%emt 0:03:24]} 28. Qe3 {[%emt 0:02:32]} e5 {[%emt 0:07:42]} 29. dxe5 {[%emt 0:01:18]} Nxe5 {[%emt 0:00:06]} 30. Bd5 {[%emt 0:00:10]} Rg4 {[%emt 0:00:23]} 31. Qe2 {[%emt 0:03:45]} Qg6+ {[%emt 0:00:46]} 32. Ka2 {[%emt 0:00:04]} Rxg3 {[%emt 0:00:43]} 33. Rxg3 {[%emt 0:01:36]} Qxg3 {[%emt 0:00:42]} 34. Qe4 {[%emt 0:00:16]} Kg7 {[%emt 0:00:54]} 35. Qh1 {[%emt 0:01:53]} Qg4 {[%emt 0:01:37]} 36. Kb3 {[%emt 0:00:29]} f5 {[%emt 0:01:34]} 37. Be6 {[%emt 0:00:30]} Qf3+ {[%emt 0:00:43]} 38. Qxf3 {[%emt 0:00:04]} Nxf3 {[%emt 0:00:06]} 39. Kc3 {[%emt 0:00:38]} Kf6 {[%emt 0:00:21] Kd4 Ke5+} 0-1

[Event "ROU-chT 1st League 2019"]
[Site "Mamaia"]
[Date "2019.09.21"]
[Round "1.23"]
[White "Zubac, Marius"]
[Black "Gilea, Lucian"]
[Result "1/2-1/2"]
[WhiteElo "2135"]
[BlackElo "2291"]
[Annotator "NA"]
[PlyCount "119"]
[EventDate "2019.09.21"]
[EventType "team-tourn"]
[EventCountry "ROU"]
[SourceTitle "playchess.com"]
[Source "ChessBase"]
[SourceQuality "1"]
[TimeControl "40/5400+30:1800+30"]

1. d4 {[%emt 0:00:00]} d5 {[%emt 0:00:00]} 2. c4 {[%emt 0:00:00]} c6 {[%emt 0:00:00]} 3. cxd5 {[%emt 0:00:12]} cxd5 {[%emt 0:00:00]} 4. Nc3 {[%emt 0:00:10]} Nf6 {[%emt 0:00:00]} 5. Nf3 {[%emt 0:00:06]} Nc6 {[%emt 0:00:37]} 6. Bf4 {[%emt 0:00:05]} a6 {[%emt 0:00:08]} 7. e3 {[%emt 0:04:20]} Bf5 {[%emt 0:03:02]} 8. Bd3 {[%emt 0:09:40]} Bxd3 {[%emt 0:00:08]} 9. Qxd3 {[%emt 0:00:02]} e6 {[%emt 0:00:28]} 10. Rc1 {[%emt 0:01:34]} Bd6 {[%emt 0:01:47]} 11. Bxd6 {[%emt 0:02:54]} Qxd6 {[%emt 0:00:02]} 12. O-O {[%emt 0:00:11]} O-O {[%emt 0:01:06]} 13. Na4 {[%emt 0:04:32]} Ne4 {[%emt 0:00:53]} 14. Nd2 {[%emt 0:02:08]} f5 {[%emt 0:07:08]} 15. Nxe4 {[%emt 0:00:07]} fxe4 {[%emt 0:00:06]} 16. Qa3 {[%emt 0:00:42]} Qxa3 {[%emt 0:08:05]} 17. bxa3 {[%emt 0:00:09]} e5 {[%emt 0:00:28]} 18. dxe5 {[%emt 0:03:14]} Nxe5 {[%emt 0:00:29]} 19. Rc5 {[%emt 0:02:26]} Rad8 {[%emt 0:15:08]} 20. Nc3 {[%emt 0:14:32]} Rc8 {[%emt 0:01:19]} 21. Nxe4 {[%emt 0:06:55]} dxe4 {[%emt 0:05:02]} 22. Rxe5 {[%emt 0:00:21]} Rc4 {[%emt 0:00:16]} 23. Rd1 {[%emt 0:07:28]} Rc2 {[%emt 0:06:27]} 24. Rxe4 {[%emt 0:01:01]} Rfxf2 {[%emt 0:01:37]} 25. Rd8+ {[%emt 0:00:13]} Rf8 {[%emt 0:00:09]} 26. Rxf8+ {[%emt 0:01:36]} Kxf8 {[%emt 0:00:02]} 27. Rf4+ {[%emt 0:01:32]} Ke7 {[%emt 0:00:15]} 28. Rb4 {[%emt 0:00:06]} b5 {[%emt 0:00:25]} 29. a4 {[%emt 0:04:24]} Rc4 {[%emt 0:05:49]} 30. Rxc4 {[%emt 0:00:46]} bxc4 {[%emt 0:00:02]} 31. Kf2 {[%emt 0:00:06]} Kd6 {[%emt 0:00:10]} 32. Ke2 {[%emt 0:00:02]} Kd5 {[%emt 0:00:46]} 33. Kd2 {[%emt 0:04:28]} Ke4 {[%emt 0:07:40]} 34. a5 {[%emt 0:06:36]} g5 {[%emt 0:02:37]} 35. Kc3 {[%emt 0:09:24]} Kxe3 {[%emt 0:06:58]} 36. Kxc4 {[%emt 0:00:09]} g4 {[%emt 0:01:17]} 37. Kc5 {[%emt 0:00:59]} Kf2 {[%emt 0:00:04]} 38. g3 {[%emt 0:00:57]} Kg2 {[%emt 0:00:05]} 39. Kb6 {[%emt 0:00:08]} Kxh2 {[%emt 0:00:02]} 40. Kxa6 {[%emt 0:00:00]} Kxg3 {[%emt 0:00:00]} 41. Kb7 {[%emt 0:00:45]} Kh2 42. a6 {[%emt 0:00:02]} g3 {[%emt 0:03:58]} 43. a7 {[%emt 0:00:08]} g2 {[%emt 0:00:01]} 44. a8=Q g1=Q 45. Qb8+ {[%emt 0:02:24]} Qg3 {[%emt 0:01:27]} 46. a4 {[%emt 0:00:34]} Qxb8+ {[%emt 0:00:19]} 47. Kxb8 {[%emt 0:00:07]} h5 {[%emt 0:00:02]} 48. a5 {[%emt 0:00:04]} h4 {[%emt 0:00:03]} 49. a6 {[%emt 0:00:02]} h3 {[%emt 0:00:02]} 50. a7 {[%emt 0:00:06]} Kg1 {[%emt 0:00:03]} 51. a8=Q h2 52. Qa7+ {[%emt 0:01:25]} Kg2 {[%emt 0:00:38]} 53. Qg7+ {[%emt 0:01:33]} Kf2 {[%emt 0:00:05]} 54. Qh6 {[%emt 0:00:11]} Kg2 {[%emt 0:00:02]} 55. Qg5+ {[%emt 0:00:08]} Kf2 {[%emt 0:00:02]} 56. Qh4+ {[%emt 0:00:07]} Kg2 {[%emt 0:00:03]} 57. Qg4+ {[%emt 0:00:15]} Kf2 {[%emt 0:00:01]} 58. Qh3 {[%emt 0:00:09]} Kg1 {[%emt 0:00:02]} 59. Qg3+ {[%emt 0:00:52]} Kh1 {[%emt 0:00:02]} 60. Ka8 1/2-1/2

[Event "ROU-chT 1st League 2019"]
[Site "Mamaia"]
[Date "2019.09.21"]
[Round "1.24"]
[White "Ghimpu, Samuel-Timotei"]
[Black "Horvat, Dan-Sebastian"]
[Result "1-0"]
[WhiteElo "2158"]
[BlackElo "2099"]
[Annotator "NA"]
[PlyCount "55"]
[EventDate "2019.09.21"]
[EventType "team-tourn"]
[EventCountry "ROU"]
[SourceTitle "playchess.com"]
[Source "ChessBase"]
[SourceQuality "1"]
[TimeControl "40/5400+30:1800+30"]

1. e4 {[%emt 0:00:00]} d6 {[%emt 0:01:01]} 2. d4 {[%emt 0:00:00]} Nf6 {[%emt 0:00:24]} 3. Nc3 {[%emt 0:00:00]} e5 {[%emt 0:01:00]} 4. Nf3 {[%emt 0:00:00]} Nbd7 {[%emt 0:00:34]} 5. Bc4 {[%emt 0:00:12]} Be7 {[%emt 0:02:56]} 6. O-O {[%emt 0:00:49]} O-O {[%emt 0:00:09]} 7. a4 {[%emt 0:00:06]} a6 {[%emt 0:00:53]} 8. Re1 {[%emt 0:00:17]} b6 {[%emt 0:00:32]} 9. b3 {[%emt 0:00:09]} c6 {[%emt 0:04:15]} 10. Bb2 {[%emt 0:06:56]} Qc7 {[%emt 0:02:09]} 11. Qd2 {[%emt 0:07:39]} Rb8 {[%emt 0:04:04]} 12. h3 {[%emt 0:12:24]} b5 {[%emt 0:07:11]} 13. axb5 {[%emt 0:01:38]} axb5 {[%emt 0:01:11]} 14. Bd3 {[%emt 0:01:17]} Re8 {[%emt 0:01:15]} 15. Ne2 {[%emt 0:06:15]} Bf8 {[%emt 0:07:06]} 16. Ng3 {[%emt 0:02:47]} g6 {[%emt 0:03:28]} 17. c4 {[%emt 0:02:54]} bxc4 {[%emt 0:16:55]} 18. Bxc4 {[%emt 0:00:31]} exd4 {[%emt 0:05:07]} 19. Bxd4 {[%emt 0:13:46]} d5 {[%emt 0:11:39]} 20. e5 {[%emt 0:09:01]} dxc4 {[%emt 0:18:15]} 21. exf6 {[%emt 0:00:55]} Rxe1+ {[%emt 0:00:33]} 22. Rxe1 {[%emt 0:00:02]} Ba6 {[%emt 0:02:44]} 23. Nf5 {[%emt 0:09:57]} Nc5 {[%emt 0:07:24]} 24. Nh6+ {[%emt 0:00:36]} Kh8 {[%emt 0:00:10]} 25. Re7 {[%emt 0:00:04]} Nxb3 {[%emt 0:00:35]} 26. Nxf7+ {[%emt 0:00:24]} Kg8 {[%emt 0:00:01]} 27. Nh6+ {[%emt 0:00:14]} Bxh6 {[%emt 0:01:12]} 28. Qxh6 {[%emt 0:00:08]} 1-0

[Event "ROU-chT 1st League 2019"]
[Site "Mamaia"]
[Date "2019.09.21"]
[Round "1.25"]
[White "Tarlev, Konstantin"]
[Black "Erdos, Viktor"]
[Result "1/2-1/2"]
[WhiteElo "2559"]
[BlackElo "2604"]
[Annotator "TA"]
[PlyCount "45"]
[EventDate "2019.09.21"]
[EventType "team-tourn"]
[EventCountry "ROU"]
[SourceTitle "playchess.com"]
[Source "ChessBase"]
[SourceQuality "1"]

{[%evp 13,45,16,22,15,18,10,28,29,35,11,17,17,26,0,0,0,0,0,0,0,0,0,0,-5,0,-11,3,0,8,8,17,0,6,0]} 1. e4 e5 2. Nf3 Nc6 3. Bc4 Bc5 4. O-O Nf6 5. d3 d6 ({Predecessor:} 5... O-O 6. a4 d6 7. c3 a6 8. Nbd2 h6 {½-½ (50) Murzin,V (2349)-Gunduz,U (2119) Manavgat 2018}) 6. c3 a6 7. a4 h6 8. Re1 {C54: Giuoco Piano: 4 c3 Nf6, main lines with 5 d4 and 5 d3} O-O 9. Nbd2 {[%cal Bb1d2,Bd2f1,Bf1g3][%mdl 32]} Re8 10. Nf1 {White has an edge.} Ba7 11. Ng3 Be6 12. Bxe6 Rxe6 13. d4 $146 (13. b4 d5 14. Qb3 Qd7 15. h3 Rd8 {0-1 (76) Yu,Y (2751)-Harikrishna,P (2723) Shenzhen 2019}) 13... d5 {The position is equal.} 14. Nxe5 Nxe5 15. dxe5 Nxe4 16. Nxe4 dxe4 17. Bf4 Qd3 18. a5 Rae8 19. h4 Qb5 20. Qe2 f5 21. exf6 {Black must now prevent Qxb5.} Qf5 22. Be3 Bxe3 23. Qxe3 {Accuracy: White = 36%, Black = 44%.} 1/2-1/2

[Event "ROU-chT 1st League 2019"]
[Site "Mamaia"]
[Date "2019.09.21"]
[Round "1.26"]
[White "Gonda, Laszlo"]
[Black "Morozov, Nichita"]
[Result "1/2-1/2"]
[WhiteElo "2541"]
[BlackElo "2394"]
[Annotator "ChessBase"]
[PlyCount "37"]
[EventDate "2019.09.21"]
[EventType "team-tourn"]
[EventCountry "ROU"]
[SourceTitle "playchess.com"]
[Source "ChessBase"]
[SourceQuality "1"]
[TimeControl "40/5400+30:1800+30"]

1. g3 {[%emt 0:00:00]} Nf6 {[%emt 0:02:35]} 2. Bg2 {[%emt 0:00:00]} d5 {[%emt 0:01:16]} 3. Nf3 {[%emt 0:00:00]} c6 {[%emt 0:00:23]} 4. O-O {[%emt 0:00:00]} Bg4 {[%emt 0:01:02]} 5. c4 {[%emt 0:01:50]} e6 {[%emt 0:00:07]} 6. d3 {[%emt 0:00:11]} Be7 {[%emt 0:00:35]} 7. Qb3 {[%emt 0:04:15]} Qb6 {[%emt 0:02:35]} 8. Be3 {[%emt 0:03:47]} Qxb3 {[%emt 0:04:30]} 9. axb3 {[%emt 0:00:02]} a6 {[%emt 0:01:11]} 10. h3 {[%emt 0:00:51]} Bh5 {[%emt 0:04:34]} 11. g4 {[%emt 0:04:00]} Bg6 {[%emt 0:00:06]} 12. Ne5 {[%emt 0:00:07]} Nbd7 {[%emt 0:04:05]} 13. Nxg6 {[%emt 0:01:33]} hxg6 {[%emt 0:00:06]} 14. Nc3 {[%emt 0:00:15]} Bd6 {[%emt 0:04:40]} 15. f4 {[%emt 0:10:19]} Ng8 {[%emt 0:03:48]} 16. Na4 {[%emt 0:05:54]} Ne7 {[%emt 0:03:07]} 17. Nb6 {[%emt 0:07:59]} Rd8 {[%emt 0:03:41]} 18. Nxd7 {[%emt 0:06:58]} Rxd7 {[%emt 0:00:49]} 19. Bd4 {[%emt 0:07:28]} 1/2-1/2